000 00611nam a2200229Ia 4500
003 OSt
005 20220923212009.0
006 a|||||r|||| 00| 0
007 ta
008 Pun
024 _a102,321
037 _cTextual
040 _aARTS
_cARTS
_bPun
041 _2Pun
_aPun
082 _aV236.L4, 153G7
100 _aਗੁਪਤਾ, ਹਰੀ ਰਾਮ
_9156265
245 0 _aਸਿੱਖ ਇਤਿਹਾਸ
260 _c1937
650 _aਭਾਰਤੀਯ ਇਤਿਹਾਸ
942 _hV236.L4, 153G7
_cTEXL
_2CC
999 _c305288
_d305288